000 00633nam a2200193Ia 4500
001 2572
003 GE_BSU
008 181216s||||||||xx |||||||||||||| ||und||
040 _cGE_BSU
100 _aღანიშაშვილი, მიხეილ.
245 _aბედისწერის ქიმზე.(ლექსები, პოემები)
260 _aთბილისი
260 _bამარანტები
260 _c1999
300 _a168 გვ.
541 _h5 ლ.
653 _aბედიწერის ქიმზე.(ლექსები, პოემები)
942 _cBK
999 _c36651
_d36651